| 000 | 00329nam a2200133Ia 4500 | ||
|---|---|---|---|
| 005 | 20260326235447.0 | ||
| 008 | 260326s9999||||xx |||||||||||||| ||und|| | ||
| 100 | _aYarwood, Doreen | ||
| 245 | 4 |
_aThe Architecture of Europe / _cDoreen Yarwood |
|
| 260 | _bChancellor Press | ||
| 300 | _a598 p. | ||
| 650 | _aHISTORIA | ||
| 942 | _cBK | ||
| 999 |
_c7629 _d7629 |
||